International handbook of advertising
Salvato in:
| Autore principale: | |
|---|---|
| Natura: | Libro |
| Lingua: | inglese |
| Pubblicazione: |
Nueva York
McGraw-Hill
1964
|
| Serie: | McGraw-Hill Series in International Development
|
| Soggetti: | |
| Tags: |
Aggiungi Tag
Nessun Tag, puoi essere il primo ad aggiungerne!!
|
MARC
| LEADER | 00000nam a2200000 a 4500 | ||
|---|---|---|---|
| 001 | UCQ1735 | ||
| 003 | CL-VaPUC | ||
| 008 | 980721e19640000US |||||||||||||||||eng|d | ||
| 082 | 0 | 4 | |a 659.1 |b DUN |2 21 |
| 100 | 0 | |a Dunn, S. Watson |e author |9 415488 | |
| 245 | 1 | 0 | |a International handbook of advertising |
| 300 | |a 788 p | ||
| 942 | |c BK | ||
| 945 | |d 19980721 00:00:00 |a cmena | ||
| 260 | |a Nueva York |b McGraw-Hill |c 1964 | ||
| 650 | 0 | |a Publicidad |9 314572 | |
| 650 | 0 | |a Marketing |9 259324 | |
| 650 | 0 | |a Análisis de mercado |9 260838 | |
| 650 | 7 | |a PRODUCTOS |2 CL-VaPUC |9 338640 | |
| 650 | 7 | |a ESTRATEGIAS |2 CL-VaPUC |9 342878 | |
| 650 | 0 | |a Medios de comunicación de masas |9 257273 | |
| 650 | 0 | |a Empresas |9 255569 | |
| 583 | |a last modification |c 19980721 00:00:00 |k Rodrigo Vera | ||
| 490 | 0 | |a McGraw-Hill Series in International Development | |
| 999 | |c 272579 |d 272577 | ||
| 952 | |0 0 |1 0 |4 0 |6 659_100000000000000_DUN_1964 |7 0 |8 A |9 307690 |a BIBGIM |b BIBGIM |d 2019-11-20 |i 1437518 |o 659.1 DUN 1964 |p 1437518 |r 2025-01-15 |w 2019-11-20 |y BK |k COM | ||